Dynamic changes in income and its distribution in (Record no. 655535)

MARC details
000 -LEADER
fixed length control field 00780nam a2200241Ia 4500
003 - CONTROL NUMBER IDENTIFIER
control field OSt
005 - DATE AND TIME OF LATEST TRANSACTION
control field 20220926032740.0
008 - FIXED-LENGTH DATA ELEMENTS--GENERAL INFORMATION
fixed length control field 220923b |||||||| |||| 00| 0 eng d
037 ## - SOURCE OF ACQUISITION
Terms of availability General Book
040 ## - CATALOGING SOURCE
Original cataloging agency RTL
Transcribing agency RTL
Language of cataloging eng
041 ## - LANGUAGE CODE
Source of code eng
Language code of text/sound track or separate title eng
100 ## - MAIN ENTRY--PERSONAL NAME
Personal name TAKAHASHI Chotaro, and others
9 (RLIN) 338008
245 #0 - TITLE STATEMENT
Title Dynamic changes in income and its distribution in
260 ## - PUBLICATION, DISTRIBUTION, ETC.
Place of publication, distribution, etc. Tokyo
Name of publisher, distributor, etc. Kinokuniya Bookstore
Date of publication, distribution, etc. 1959
300 ## - PHYSICAL DESCRIPTION
Extent iv,183p
Dimensions cm.
490 ## - SERIES STATEMENT
Series statement Hitotsubashi University, Institute of Economic Research, Economic Research Series.3
500 ## - GENERAL NOTE
General note Appendix: P 129-83
942 ## - ADDED ENTRY ELEMENTS (KOHA)
Classification part X:31.42.N5, J9
Koha item type General Books
Source of classification or shelving scheme Colon Classification (CC)
Holdings
Withdrawn status Lost status Damaged status Not for loan Home library Current library Date acquired Total Checkouts Full call number Barcode Date last seen Price effective from Koha item type
        Ratan Tata Library Ratan Tata Library 2022-09-26   X:31.42.N5 J9 RT0022709 2022-09-26 2022-09-26 General Books
Copyright @ Delhi University Library System